000
00324nam a2200145Ia 4500
100
_a
Kissel Thomas E
650
_a
Electrical Engineering
942
_c
BK
654
_a
electronics
245
_a
Industrial electronics
260
_b
Prentice Hall
_a
New Delhi
_c
1997
300
_a
825
546
_a
ENGLISH
999
_c
34451
_d
34451